Kľúčové manažérske kompetencie v personálnom marketingu

Kľúčové kompetencie manažéra v personálneho marketingu a ich chápanie manažmentmi podnikov v SR (výsledky prieskumu).

Salvato in:
Dettagli Bibliografici
Autore principale: Szarková, Miroslava, 1951-
Natura: Capitolo di libro
Lingua:slovacco
Soggetti:
Tags: Aggiungi Tag
Nessun Tag, puoi essere il primo ad aggiungerne!!

MARC

LEADER 00000naa a2200000 4500
001 0207413
005 20240502073440.5
041 0 |a slo 
044 |a SK 
245 1 0 |a Kľúčové manažérske kompetencie v personálnom marketingu  |c Miroslava Szarková 
520 |a Kľúčové kompetencie manažéra v personálneho marketingu a ich chápanie manažmentmi podnikov v SR (výsledky prieskumu). 
610 2 0 |a kompetencie manažérske 
610 2 0 |a marketing personálny 
610 2 0 |a politika personálna 
610 2 0 |a manažment 
100 1 |a Szarková, Miroslava, 1951-